000 00301nam a2200109Ia 4500
008 220120s9999||||xx |||||||||||||| ||und||
100 _aSethi, Ravi
245 0 _aProgramming languages: concepts and constructs
260 _aPearson education asia
_c2001
300 _b0
650 _aPROGRAMMING LANGUAGE
999 _c136751
_d136751